|
|
|
|
| LEADER |
00000cam a2200000 i 4500 |
| 001 |
1/88427 |
| 008 |
051031s1994 gre d |
| 020 |
|
|
|a 960-444-010-1
|
| 035 |
|
|
|l 10081075
|
| 040 |
|
|
|a GR-MY-UA
|b gre
|e aacr
|
| 041 |
0 |
|
|a gre
|
| 082 |
0 |
|
|a 792.01
|2 (22)
|
| 100 |
1 |
|
|a Πλατής, Ελευθέριος Ν.
|
| 245 |
1 |
2 |
|a Η τραγικότητα στον αρχαίο ελληνικό πολιτισμό της ανόδου και της ακμής :
|b δοκίμιο /
|c Ε. Ν. Πλατής
|
| 260 |
|
|
|a Αθήνα :
|b Γρηγόρης,
|c 1994
|
| 300 |
|
|
|a 137 σ.;
|c 25 εκ.
|
| 650 |
0 |
0 |
|a Tragic, The, in literature.
|
| 650 |
0 |
0 |
|a Tragic, The
|x History.
|
| 651 |
|
0 |
|a Greece
|x Civilization.
|
| 651 |
|
0 |
|a Greece
|x History
|y Athenian supremacy, 479-431 B.C.
|
| 852 |
|
|
|a INST
|b CHIOS
|e 20051031
|h 792.01 ΠΛΑ
|p 005200022078
|q 005200022078
|t BK
|y 0
|
| 852 |
|
|
|a INST
|b LESVOS
|e 20060126
|h 882.04 ΠΛΑ
|p 005100034057
|q 005100034057
|t BK
|y 0
|
| 852 |
|
|
|a INST
|b LESVOS
|e 20060601
|h 882.04 ΠΛΑ
|p 005100035750
|q 005100035750
|t BK
|y 0
|
| 901 |
|
|
|a BIBL2-2005-3
|
| 901 |
|
|
|a BIBL1-2006-1
|
| 901 |
|
|
|a BIBL1-2006-2
|
| 909 |
|
|
|a Χ
|b 112809
|
| 909 |
|
|
|a Λ
|b 125580
|
| 909 |
|
|
|a Λ
|b 128566
|
| 970 |
|
|
|a ΧΑΖΙΡΗ
|b ΑΝΝΑ
|z 2005/10/31
|